[Event "DVM U20 2014"]
[Site "Naumburg (Saale) GER"]
[Date "2014.12.29"]
[Round "5"]
[White "Werthmann, Nils"]
[Black "Chabakji, Hussein"]
[Result "1-0"]
[Termination "normal"]
[Board "8.3"]
[WhiteElo "1794"]
[BlackElo "1602"]
[WhiteTeam "USV Potsdam"]
[BlackTeam "SVG Saarbrücken"]
[PlyCount "83"]
[WhiteFideId "1270257"]
[BlackFideId "16200411"]
[EventCountry "GER"]
[EventRounds "7"]
[EventType "team-swiss"]
[EventDate "2014.12.26"]

1. e4 c5 2. Nf3 d6 3. c4 Nc6 4. Nc3 Nf6 5. d4 cxd4 6. Nxd4 g6 7. Be2 Bg7 8. Be3
Bd7 9. O-O a6 10. Rc1 Rc8 11. b3 O-O 12. f4 e6 13. Bf3 Qe7 14. Kh1 e5 15. Nxc6
bxc6 16. fxe5 dxe5 17. Na4 Qe6 18. Nc5 Qe7 19. Qe2 Be6 20. Nxa6 Rfd8 21. Rfd1
Nd7 22. b4 Ra8 23. Nc5 Bf8 24. Nxe6 Qxe6 25. Bg4 f5 26. exf5 gxf5 27. Bh3 Qf7
28. Rf1 Bxb4 29. Rxf5 Qe7 30. Qg4+ Kh8 31. Bg5 Qg7 32. Bxd8 Rxd8 33. Rd1 Qh6
34. Qg5 Qxg5 35. Rxg5 e4 36. Rxd7 Rxd7 37. Bxd7 e3 38. Be6 h6 39. Re5 Bd2 40.
Bg4 Kg7 41. Be2 Kf6 42. Rc5 1-0

[Event "DVM U20 2014"]
[Site "Naumburg (Saale) GER"]
[Date "2014.12.29"]
[Round "5"]
[White "Schäfer, Nicolas"]
[Black "Ender, Paul Marius"]
[Result "0-1"]
[Termination "normal"]
[Board "8.4"]
[WhiteElo "1497"]
[BlackElo "1555"]
[WhiteTeam "SVG Saarbrücken"]
[BlackTeam "USV Potsdam"]
[PlyCount "60"]
[WhiteFideId "12988901"]
[BlackFideId "12936545"]
[EventCountry "GER"]
[EventRounds "7"]
[EventType "team-swiss"]
[EventDate "2014.12.26"]

1. Nf3 d5 2. c4 e6 3. d4 f5 4. cxd5 exd5 5. g3 c6 6. Bg2 Be6 7. O-O Nd7 8. Ng5
Qe7 9. Qb3 O-O-O 10. Nc3 Ngf6 11. a4 h6 12. Nxe6 Qxe6 13. Bh3 g5 14. a5 a6 15.
Re1 Bd6 16. Na4 Rdg8 17. Nb6+ Kb8 18. Nxd7+ Qxd7 19. Bd2 h5 20. Bb4 Bc7 21. e3
h4 22. Bf1 hxg3 23. fxg3 Qh7 24. h3 Bxg3 25. Rec1 Qc7 26. Rc2 g4 27. Rac1 Ne4
28. Rxc6 Bh2+ 29. Kg2 Qg3+ 30. Kh1 Nf2# 0-1

[Event "DVM U20 2014"]
[Site "Naumburg (Saale) GER"]
[Date "2014.12.29"]
[Round "5"]
[White "Shevelko, Alexander"]
[Black "Dorscheid, Nico"]
[Result "1-0"]
[Termination "normal"]
[Board "8.5"]
[WhiteElo "1643"]
[BlackElo "1272"]
[WhiteTeam "USV Potsdam"]
[BlackTeam "SVG Saarbrücken"]
[PlyCount "77"]
[WhiteFideId "12952125"]
[BlackFideId "16200420"]
[EventCountry "GER"]
[EventRounds "7"]
[EventType "team-swiss"]
[EventDate "2014.12.26"]

1. e4 c5 2. Nf3 Nc6 3. c3 Nf6 4. Bd3 e6 5. Bc2 d5 6. e5 Nd7 7. d4 Be7 8. Qd3 f6
9. Bf4 c4 10. Qe2 O-O 11. exf6 Nxf6 12. Nbd2 Bd7 13. O-O-O b5 14. Rde1 a5 15.
Ng5 Ne4 16. Ngxe4 Rxf4 17. Ng3 b4 18. h4 a4 19. Qh5 g6 20. Bxg6 hxg6 21. Qxg6+
Kf8 22. Qh6+ Ke8 23. Qxf4 bxc3 24. bxc3 Ba3+ 25. Kc2 Qa5 26. Nh5 Kd8 27. Nf6
Bb4 28. Nxd7 Bxc3 29. Qf6+ Kc7 30. Qf4+ Kxd7 31. Qf7+ Kd8 32. Qg8+ Kc7 33. Qg3+
Kd7 34. Qxc3 Nb4+ 35. Kd1 a3 36. Ke2 Qa4 37. Ra1 Nc2 38. Rab1 Ra7 39. Rhc1 1-0

[Event "DVM U20 2014"]
[Site "Naumburg (Saale) GER"]
[Date "2014.12.29"]
[Round "5"]
[White "Reim, Ulrich"]
[Black "Glagau, Lars"]
[Result "1/2-1/2"]
[Termination "normal"]
[Board "8.6"]
[WhiteElo "1073"]
[BlackElo "1441"]
[WhiteTeam "SVG Saarbrücken"]
[BlackTeam "USV Potsdam"]
[PlyCount "48"]
[WhiteFideId "16200438"]
[BlackFideId "16200390"]
[EventCountry "GER"]
[EventRounds "7"]
[EventType "team-swiss"]
[EventDate "2014.12.26"]

1. e4 e5 2. Bc4 Nc6 3. Nf3 Bc5 4. c3 Qe7 5. O-O d6 6. d4 Bb6 7. b4 Bg4 8. d5
Nb8 9. h3 Bxf3 10. Qxf3 Nf6 11. Bg5 a6 12. Bxf6 Qxf6 13. Qxf6 gxf6 14. Nd2 Nd7
15. Be2 Rg8 16. b5 a5 17. Nc4 Nc5 18. Nxb6 cxb6 19. f3 Ke7 20. c4 Rg7 21. Bd1
Rag8 22. g4 h5 23. Rc1 hxg4 24. hxg4 Rh7 1/2-1/2